LIBRARY ONLINE CATALOGUE

Messiah (Record no. 16037)

MARC details
000 -LEADER
fixed length control field 00335nam a22001217a 4500
008 - FIXED-LENGTH DATA ELEMENTS--GENERAL INFORMATION
fixed length control field 160805b xxu||||| |||| 00| 0 eng d
020 ## - INTERNATIONAL STANDARD BOOK NUMBER
International Standard Book Number 3899482232
100 ## - MAIN ENTRY--PERSONAL NAME
Personal name Rilling, Helmuth
245 ## - TITLE STATEMENT
Title Messiah
Remainder of title Understanding and Performing Handel's Masterpiece
Statement of responsibility, etc. Helmuth Rilling
260 ## - PUBLICATION, DISTRIBUTION, ETC. (IMPRINT)
Name of publisher, distributor, etc. Carus
Date of publication, distribution, etc. 2015
300 ## - PHYSICAL DESCRIPTION
Extent 128p.
942 ## - ADDED ENTRY ELEMENTS (KOHA)
Source of classification or shelving scheme Library of Congress Classification
Koha item type General Collection
Holdings
Withdrawn status Lost status Source of classification or shelving scheme Not for loan Home library Current library Date acquired Total Checkouts Full call number Barcode Date last seen Date last checked out Price effective from Koha item type
    Library of Congress Classification   Kabarak, Main Campus Kabarak, Main Campus 05/08/2016 2 ML410 .H45 2015 c.1 026130 03/11/2017 17/10/2017 05/08/2016 General Collection